000 00615nam a2200181 i 4500
001 39731
003 ES-MaACL
005 20230906160052.0
007 t|
008 030304s1964 sp ||||1| spa d
100 1 _aCampo Jesús, Luis del.
_934215
245 1 0 _aJerónimo de Arbolancha
_b: (poeta del siglo XVI) : su vida y su obra /
_cLuis del Campo ; prólogo de Leopoldo Cortejoso.
260 _aPamplona :
_bLa Acción Social,
_c1964.
300 _a336 p. ;
_c17 cm.
600 0 4 _aArbolanche, Jerónimo de.
_922406
700 1 _aCortejoso Villanueva, Leopoldo.
_940841
852 _aES-MaACL
_jC-27039
_bR.54968
999 _c39731
_d39731